[Event "Wuerttemberg-ch KT"]
[Site "Stuttgart"]
[Date "2015.08.31"]
[Round "3"]
[White "Stark, Timo"]
[Black "Junginger, Andreas"]
[Result "1-0"]
[WhiteElo "1851"]
[BlackElo "1999"]
[PlyCount "75"]
[EventDate "2015.08.29"]
[EventType "swiss"]
[EventRounds "9"]
[EventCountry "GER"]
[SourceTitle "EXT 2017"]
[Source "ChessBase"]
[SourceDate "2016.10.25"]
[SourceVersion "1"]
[SourceVersionDate "2016.10.25"]
[SourceQuality "1"]

1. e4 Nf6 2. e5 Nd5 3. d4 d6 4. exd6 exd6 5. Nf3 Be7 6. c4 Nf6 7. Bd3 0-0 8. 0-0 Bg4 9. Nbd2 Nc6 10. Qb3 Qd7 11. a3 Rab8 12. Qc2 Bh5 13. b4 Bg6 14. Bb2 d5 15. b5 Bxd3 16. Qxd3 Na5 17. Ne5 Qd8 18. c5 c6 19. a4 b6 20. Bc3 bxc5 21. Bxa5 Qxa5 22. Nxc6 Qc7 23. Nxb8 Rxb8 24. dxc5 Bxc5 25. Nb3 Bd6 26. g3 Qd7 27. Kg2 h5 28. Nd4 Ne4 29. f3 Re8 30. fxe4 dxe4 31. Qc4 e3 32. Ne2 Re6 33. Rac1 Qe7 34. Qd3 Rg6 35. Rc8+ Kh7 36. Qf5 h4 37. Rc4 hxg3 38. hxg3 1-0

[Event "Wuerttemberg-ch KT"]
[Site "Stuttgart"]
[Date "2015.08.30"]
[Round "2"]
[White "Nam, Seung Zin"]
[Black "Stark, Timo"]
[Result "1/2-1/2"]
[WhiteElo "1608"]
[BlackElo "1851"]
[PlyCount "37"]
[EventDate "2015.08.29"]
[EventType "swiss"]
[EventRounds "9"]
[EventCountry "GER"]
[SourceTitle "EXT 2017"]
[Source "ChessBase"]
[SourceDate "2016.10.25"]
[SourceVersion "1"]
[SourceVersionDate "2016.10.25"]
[SourceQuality "1"]

1. d4 b6 2. Nf3 Bb7 3. e3 e6 4. Bd3 Nf6 5. Nbd2 d5 6. 0-0 Nbd7 7. b3 c5 8. Bb2 Bd6 9. Rc1 0-0 10. Ne5 Ne4 11. Nxd7 Qxd7 12. dxc5 Nxc5 13. Bxh7+ Kxh7 14. Qh5+ Kg8 15. Bxg7 Kxg7 16. Qg5+ Kh7 17. Qh5+ Kg7 18. Qg5+ Kh7 19. Qh5+ 1/2-1/2

[Event "GER-ch U25 op-A"]
[Site "Oberhof"]
[Date "2013.05.22"]
[Round "6"]
[White "Beck, Michael1111"]
[Black "Stark, Timo"]
[Result "1-0"]
[WhiteElo "1985"]
[BlackElo "1843"]
[PlyCount "81"]
[EventDate "2013.05.19"]
[EventType "swiss"]
[EventRounds "9"]
[EventCountry "GER"]
[SourceTitle "CBM 154 Extra"]
[Source "ChessBase"]
[SourceDate "2013.06.25"]
[SourceVersion "2"]
[SourceVersionDate "2013.06.25"]
[SourceQuality "1"]

1. e4 c5 2. d3 Nc6 3. g3 e6 4. Bg2 Nf6 5. Nf3 d5 6. Nbd2 Be7 7. 0-0 0-0 8. Re1 Qc7 9. e5 Nd7 10. Qe2 b6 11. c3 Ba6 12. h4 Rac8 13. Nf1 b5 14. N1h2 d4 15. Bf4 Qb6 16. Ng5 c4 17. Be4 h6 18. Qh5 f5 19. Nxe6 fxe4 20. Qg6 Rf7 21. Ng4 Kh8 22. Qxf7 Rg8 23. Nxh6 gxh6 24. Qh5 Nf8 25. Bxh6 Nh7 26. Qf7 Bf8 27. Bxf8 Nxf8 28. Qf6+ Kh7 29. Nxf8+ Rxf8 30. Qxf8 dxc3 31. Qf5+ Kh8 32. bxc3 cxd3 33. Rxe4 Qc7 34. Qh5+ Kg7 35. Rg4+ Kf8 36. Qh8+ Ke7 37. Rg7+ Ke6 38. Rxc7 Nxe5 39. Re7+ Kxe7 40. Qxe5+ Kd7 41. Qd4+ 1-0

[Event "GER-ch U25 op-A"]
[Site "Oberhof"]
[Date "2013.05.20"]
[Round "3"]
[White "Stark, Timo"]
[Black "Feldheim, Jonas"]
[Result "1/2-1/2"]
[WhiteElo "1843"]
[BlackElo "2024"]
[PlyCount "65"]
[EventDate "2013.05.19"]
[EventType "swiss"]
[EventRounds "9"]
[EventCountry "GER"]
[SourceTitle "CBM 154 Extra"]
[Source "ChessBase"]
[SourceDate "2013.06.25"]
[SourceVersion "2"]
[SourceVersionDate "2013.06.25"]
[SourceQuality "1"]

1. e4 c5 2. Nf3 d6 3. Bc4 Nc6 4. 0-0 g6 5. d4 cxd4 6. Nxd4 Bg7 7. c3 Nf6 8. Nxc6 bxc6 9. Qe2 0-0 10. Nd2 d5 11. exd5 cxd5 12. Bb3 a5 13. Re1 a4 14. Bc2 Re8 15. Nf3 a3 16. Ne5 Bb7 17. Rb1 Qc7 18. f3 Rec8 19. Bf4 Nh5 20. Bd2 e6 21. Bd3 axb2 22. Rxb2 Ba6 23. Bxa6 Qa7+ 24. Kh1 Qxa6 25. Qe3 Rab8 26. Rxb8 Rxb8 27. g4 Nf6 28. g5 Ne8 29. Nxf7 Rb2 30. Nh6+ Bxh6 31. gxh6 Rxa2 32. Bc1 Ra1 33. Kg2 1/2-1/2

[Event "GER-chA U25"]
[Site "Oberhof"]
[Date "2011.06.18"]
[Round "9"]
[White "Grigoryeva, Olga A"]
[Black "Stark, Timo"]
[Result "1-0"]
[WhiteElo "2087"]
[BlackElo "1842"]
[PlyCount "103"]
[EventDate "2011.06.11"]
[EventType "swiss"]
[EventRounds "9"]
[EventCountry "GER"]
[SourceTitle "CBM 142 Extra"]
[Source "ChessBase"]
[SourceDate "2011.06.27"]
[SourceVersion "1"]
[SourceVersionDate "2011.06.27"]
[SourceQuality "1"]

1. c4 b6 2. Nc3 Bb7 3. Nf3 e6 4. g3 Nf6 5. Bg2 Be7 6. d3 0-0 7. 0-0 c5 8. b3 d5 9. cxd5 Nxd5 10. Nxd5 Bxd5 11. Bb2 Bf6 12. Bxf6 Qxf6 13. Qd2 Na6 14. Rab1 Rac8 15. Rfc1 Rfd8 16. a3 h6 17. Qc2 Bb7 18. Nd2 Bxg2 19. Kxg2 Nc7 20. Ne4 Qd4 21. Qa2 Qd5 22. Kg1 Na6 23. Nc3 Qd7 24. b4 Qd4 25. Nb5 Qd7 26. Nc3 Qd4 27. Qb3 c4 28. dxc4 Qxc4 29. Qxc4 Rxc4 30. Nb5 Rxc1+ 31. Rxc1 Rd7 32. Rc8+ Kh7 33. Kg2 Rd2 34. e3 Rb2 35. Rc3 Kg6 36. Nxa7 Nxb4 37. axb4 Rxb4 38. Nc6 Rb5 39. Nd4 Rb2 40. Rb3 Rxb3 41. Nxb3 Kf5 42. Kf3 Ke5 43. e4 f5 44. exf5 exf5 45. Ke3 g5 46. f4+ Kd5 47. Nd4 gxf4+ 48. gxf4 h5 49. h4 Kc4 50. Nxf5 b5 51. Nd4 b4 52. Ke4 1-0

[Event "GER-chA U25"]
[Site "Oberhof"]
[Date "2011.06.17"]
[Round "8"]
[White "Stark, Timo"]
[Black "Zimmer, Ketsarrin"]
[Result "1-0"]
[WhiteElo "1842"]
[BlackElo "1748"]
[PlyCount "91"]
[EventDate "2011.06.11"]
[EventType "swiss"]
[EventRounds "9"]
[EventCountry "GER"]
[SourceTitle "CBM 142 Extra"]
[Source "ChessBase"]
[SourceDate "2011.06.27"]
[SourceVersion "1"]
[SourceVersionDate "2011.06.27"]
[SourceQuality "1"]

1. e4 c5 2. Nf3 a6 3. d4 cxd4 4. Nxd4 Nf6 5. Nc3 e5 6. Nf3 Bb4 7. Bd3 0-0 8. Bd2 Nc6 9. a3 Ba5 10. 0-0 Re8 11. b4 Bc7 12. Bg5 Bd6 13. Bxa6 Rxa6 14. Qxd6 Nd4 15. Bxf6 Nxf3+ 16. gxf3 Qxf6 17. Qxf6 Rxf6 18. Rfd1 Rxf3 19. Rd3 Rf4 20. f3 Re6 21. Nd5 Rh4 22. Rad1 Kf8 23. Rc3 Rc6 24. Rdd3 b5 25. Nb6 Rxb6 26. Rxc8+ Ke7 27. Rc7 Rd6 28. Rb7 f5 29. Rxb5 fxe4 30. Rxe5+ Re6 31. Rxe6+ dxe6 32. fxe4 Rxe4 33. Kf2 Kf6 34. c3 g5 35. a4 h5 36. h3 h4 37. a5 g4 38. hxg4 Rxg4 39. a6 Rg8 40. b5 Ra8 41. Rd7 e5 42. a7 Ke6 43. Rg7 h3 44. b6 h2 45. Rh7 Kd6 46. b7 1-0

[Event "GER-chA U25"]
[Site "Oberhof"]
[Date "2011.06.14"]
[Round "4"]
[White "Stark, Timo"]
[Black "Hoffmann, Tim"]
[Result "1/2-1/2"]
[WhiteElo "1842"]
[BlackElo "1673"]
[PlyCount "48"]
[EventDate "2011.06.11"]
[EventType "swiss"]
[EventRounds "9"]
[EventCountry "GER"]
[SourceTitle "CBM 142 Extra"]
[Source "ChessBase"]
[SourceDate "2011.06.27"]
[SourceVersion "1"]
[SourceVersionDate "2011.06.27"]
[SourceQuality "1"]

1. d4 Nf6 2. Nd2 d5 3. Ngf3 Bf5 4. c4 e6 5. e3 Nbd7 6. Qb3 Qb8 7. cxd5 exd5 8. Ne5 c6 9. Nxd7 Bxd7 10. Bd3 Bd6 11. f4 0-0 12. Nf3 Qc7 13. 0-0 Ne4 14. Ne5 Bxe5 15. fxe5 Be6 16. Qc2 f5 17. exf6 Nxf6 18. Be2 Ne4 19. Bd2 Nxd2 20. Qxd2 Bf5 21. Bd3 Bxd3 22. Qxd3 Qe7 23. Rxf8+ Rxf8 24. Rf1 Rxf1+ 1/2-1/2